000 00648cam a2200229 a 4500
003 Nust
005 20211116161016.0
008 170112b xxu||||| |||| 00| 0 eng d
020 _a0534399339
038 _akhadija
040 _c.
082 0 0 _a519.2 DEV
100 1 _aDevore, Jay L.
_984297
245 1 0 _aProbability and Statistics for Engineering and Sciences /
250 _a6th ed.
260 _aBelmont, CA :
_bThomson-Brooks/Cole,
_cc2004.
300 _axvi, 795 p. :
_bill. (some col.) ;
_e1 CD-ROM (4 3/4 in.)
563 _ahardcover
650 0 _aProbabilities.
_979
650 0 _aMathematical statistics.
_961
942 _cBK
_2ddc
999 _c31601
_d31601